000
00217nam a22001097a 4500
020
_a
978-93-5064-076-0
082
_a
474
_b
WIL/H
245
_a
HANUMAN
260
_a
MUMBAI
_b
WILCO
650
_a
STORY
_z
MUMBAI
942
_c
BK
999
_c
6992
_d
6992